Movies Quiz

Random Movies or Star Wars Quiz

Star Wars or Spaceballs? Quiz Stats

 Plays Quiz Updated Jan 1, 2016

Also try: Star Wars Stuff
Challenge
Share
Tweet
Embed
Score 0/50 Timer 06:00
3 Plays Today
Quote SW or SB? % Correct
May the Force be with you.???
91.2%
May the Schwartz be with you.???
91%
I am your father's brother's nephew's cousin's former roommate.???
90.9%
What's the matter, Colonel Sandurz? Chicken????
90.2%
Yes! I always have coffee when I watch radar. You know that.???
90%
A million spacebucks? That's unfair!???
88.9%
Here we go. The short, short version.???
88.4%
And what've we got on this thing? A Cuisinart????
87.9%
You see that evil will always triumph, because good is dumb.???
87.5%
Just what we need... a Druish Princess!???
87.3%
I have a bad feeling about this.???
86.9%
I find your lack of faith disturbing.???
86.7%
So, at last we meet for the first time for the last time.???
85.4%
That’s no moon, it’s a space station.???
85.1%
In my experience, there's no such thing as luck.???
84.7%
This is an unlisted wall!???
84.5%
Watch your mouth kid, or you’ll find yourself floating home.???
80.6%
You will never find a more wretched hive of scum and villainy.???
80.4%
What a piece of junk!???
80.2%
Fire a warning shot across her nose.???
78.2%
It's programmed to go off before you do.???
78.1%
The radar, sir! It appears to be... jammed!???
77.3%
There goes the planet.???
77.2%
You idiots! These are not them!???
77%
You came in that thing? You're braver than I thought.???
76.3%
Quote SW or SB? % Correct
Size matters not. Look at me. Judge me by size, do you????
74.5%
Say goodbye to your two best friends.???
74.2%
Laugh it up, fuzzball.???
74.1%
I'm not shooting this thing! I hate guns!???
73.5%
We're keepers of the peace, not soldiers.???
72%
It's against my programming to impersonate a deity.???
71.7%
You know something princess? You are UGLY when you're angry.???
70.4%
They must have hyperjets on that thing!???
70.1%
Wonderful girl. Either I'm going to kill her or I'm beginning to like her.???
69.4%
One thing's for sure, we're all gonna be a lot thinner.???
66.1%
Now we'll show her who is in charge of this galaxy.???
65.8%
Hey, point that thing someplace else!???
64.9%
What's in there? Only what you take with you.???
64.1%
You're a funny little boy. How do you know so much????
62.9%
I don't know where you get your delusions, laser-brain.???
61.7%
There's an awful lot of moisture in here.???
60.6%
You've got something jammed in here real good.???
60.2%
Boring conversation anyway.???
58.8%
What an incredible smell you've discovered.???
58.2%
That's gonna leave a mark.???
57.6%
I can't breathe in this thing.???
54.8%
Have you found anything yet????
52%
Take only what you need to survive.???
51.1%
Don't call me a mindless philosopher, you overweight glob of grease.???
43%
I wonder, will we ever see each other again????
41.9%

You're not logged in!

Compare scores with friends on all Sporcle quizzes.
Join for Free
OR
Log In

You Might Also Like...

Show Comments

Extras

Top Quizzes Today


Score Distribution

Your Account Isn't Verified!

In order to create a playlist on Sporcle, you need to verify the email address you used during registration. Go to your Sporcle Settings to finish the process.

Report this User

Report this user for behavior that violates our Community Guidelines.

Details: